000 00452nam a22001817a 4500
003 NUST
005 20211111161627.0
008 211111b ||||| |||| 00| 0 eng d
020 _a978-007471702-8
038 _aMuzammil
082 _a629.287
_bMAY
100 _aMay,ED
_910195
245 _aAutomative Mechanics Vol-1\
_cEd May & Les Simpson.
250 _a7th
260 _aBoston
_bMcGraw Hill
_c2008
563 _apapercover
942 _2ddc
_cBK
999 _c586697
_d586697